Gasoline production using the Zeoforming process products and stable gas condensate as feedstock; Химия и химическая технология в XXI веке

Bibliographic Details
Parent link:Химия и химическая технология в XXI веке.— 2019.— [С. 522-523]
Main Author: Temirbolat A. M.
Corporate Author: Национальный исследовательский Томский политехнический университет (ТПУ)
Other Authors: Altynov A. A. Andrey Andreevich (научный руководитель), Altynov A. A.
Summary:Заглавие с экрана
Language:English
Published: 2019
Series:Химия и химическая технология на иностранном языке
Subjects:
Online Access:http://earchive.tpu.ru/handle/11683/55517
Format: Electronic Book Chapter
KOHA link:https://koha.lib.tpu.ru/cgi-bin/koha/opac-detail.pl?biblionumber=629556

MARC

LEADER 00000naa2a2200000 4500
001 629556
005 20231101133551.0
035 |a (RuTPU)RU\TPU\conf\30211 
035 |a RU\TPU\conf\30209 
090 |a 629556 
100 |a 20190718d2019 k y0rusy50 ca 
101 0 |a eng 
102 |a RU 
105 |a y z 101zy 
135 |a drgn ---uucaa 
181 0 |a i  
182 0 |a b 
200 1 |a Gasoline production using the Zeoforming process products and stable gas condensate as feedstock  |f A. M. Temirbolat, A. A. Altynov  |g sci. adv. A. A. Altynov 
203 |a Текст  |c электронный 
225 1 |a Химия и химическая технология на иностранном языке 
230 |a 1 компьютерный файл (pdf; 759 Kb) 
300 |a Заглавие с экрана 
320 |a [Библиогр.: с. 523 (3 назв.)] 
463 0 |0 (RuTPU)RU\TPU\conf\29907  |t Химия и химическая технология в XXI веке  |o материалы XX Международной научно-практической конференции имени профессора Л. П. Кулёва студентов и молодых ученых, 20–23 мая 2019 г., г. Томск  |f Национальный исследовательский Томский политехнический университет  |v [С. 522-523]  |d 2019 
610 1 |a электронный ресурс 
610 1 |a труды учёных ТПУ 
610 1 |a производство 
610 1 |a бензины 
610 1 |a газовые конденсаты 
610 1 |a моторные топлива 
610 1 |a бензиновые фракции 
610 1 |a цеолитные катализаторы 
610 1 |a цеоформинг 
700 1 |a Temirbolat  |b A. M. 
701 1 |a Altynov  |b A. A.  |c chemist  |c Research Engineer of Tomsk Polytechnic University  |f 1994-  |g Andrey Andreevich  |2 stltpush  |3 (RuTPU)RU\TPU\pers\46562 
702 1 |a Altynov  |b A. A.  |4 727 
712 0 2 |a Национальный исследовательский Томский политехнический университет (ТПУ)  |c (2009- )  |2 stltpush  |3 (RuTPU)RU\TPU\col\15902 
801 2 |a RU  |b 63413507  |c 20200907  |g RCR 
856 4 |u http://earchive.tpu.ru/handle/11683/55517 
942 |c BK